01791nam a2200325 i 4500001000300000245038500003260003400388300003400422500028300456504002800739650003800767650003700805655002900842700002900871710003400900710005100934710005900985020001501044040000801059041001301067080003201080920001801112942000701130008004101137999001701178856009801195952006201293952004901355952006101404bg00aProblemy ochrony i renaturalizacji dolin dużych rzek Europy :bmiędzynarodowa konferencja z okazji 20-lecia Kazimierskiego Parku Krajobrazowego, Kazimierz Dolny, 1-4 września 1999 r. : materiały konferencji /cpod red. Marka Kucharczyka ; Lubelski Urząd Wojewódzki, Uniwersytet Marii Curie-Skłodowskiej w Lublinie, Zarząd Zespołu Lubelskich Parków Krajobrazowych. aLublin :bWydaw. UMCS,c1999. a235 s. :bil., mapy ;c24 cm. aTyt. równol. : Problems of the protection and re-naturalisation of the valleys of big European rivers : International Conference - the 20th Anniversary of the Kazimierz Landscape Park, Kazimierz Dolny, 1-4 September 1999. - Tekst częśc. ang. - Streszcz. ang. przy pracach. aBibliogr. przy pracach. 9aDolinyxhigiena i ochronazPolska 9aRzekixhigiena i ochronazPolska aMateriały konferencyjne1 aKUCHARCZYK, Marek.eRed. 0aUrząd Wojewódzki (Lublin) 0aUniwersytet Marii Curie-Skłodowskiej (Lublin) 0aZespół Lubelskich Parków KrajobrazowychbZarząd a8322714378 cBPK1 aplenben a551.43:556.5:504](438)(061) a83-227-1437-8 cKS s pl f |000 0 pol  c36953d36953 uhttp://koha.tu.koszalin.pl/cgi-bin/koha/opac-detail.pl?biblionumber=36953yKatalog online BPK 00104071aBPKbBPKcco52471p01486834t502.51 ŚhyKS 00104070aBPKbBPKcwo52472p01486827yKS 00104070aBPKbBPKcwo52473p01486810q2026-11-03yKS